Bairros de Manaus - AM - Statistics

Estatísticas Gerais
  • Esse quiz foi jogado 64 vezes
  • A pontuação média é 24 de 63
Estatísticas das Respostas
Resposta % Correto
Cidade Nova
81%
Centro
78%
Nova Cidade
74%
Novo Aleixo
74%
Colônia Terra Nova
70%
Alvorada
67%
Ponta Negra
67%
São Jorge
67%
Colônia Santo Antônio
63%
Colônia Antônio Aleixo
59%
Aleixo
56%
Parque Dez de Novembro
56%
Compensa
52%
Japiim
52%
Jorge Teixeira
52%
Tarumã
52%
Adrianópolis
48%
Lírio do Vale
48%
Santo Antônio
44%
Dom Pedro
41%
Educandos
41%
Flores
41%
Santa Etelvina
41%
Colônia Oliveira Machado
37%
Coroado
37%
Glória
37%
Planalto
37%
Armando Mendes
33%
Cachoeirinha
33%
Nossa Senhora Aparecida
33%
Redenção
33%
São José Operário
33%
São Raimundo
33%
Chapada
30%
Nossa Senhora das Graças
30%
Praça Catorze de Janeiro
30%
Puraquequara
30%
Tarumã-Açu
30%
Vila da Prata
30%
Zumbi dos Palmares
30%
Bairro da Paz
26%
Cidade de Deus
26%
Crespo
26%
Distrito Industrial I
26%
Distrito Industrial II
26%
Lago Azul
26%
Morro da Liberdade
26%
Novo Israel
26%
Petrópolis
26%
São Francisco
26%
São Geraldo
26%
Mauazinho
22%
Nova Esperança
22%
Tancredo Neves
22%
Betânia
19%
Gilberto Mestrinho
19%
Santo Agostinho
19%
Monte das Oliveiras
15%
Raiz
15%
Santa Luzia
15%
Vila Buriti
15%
Presidente Vargas
11%
São Lázaro
11%
Nenhum quiz correspondente encontrado
Distribuição das Pontuações
Porcentagem de Pessoas com Cada Pontuação
Percentil de Números Respondidos
Sua Pontuação Histórica
Você não jogou esse quiz